000 00453nam a2200169Ia 4500
005 20250508161632.0
008 008 250505s9999 xx 000 0 eng d
037 _aTextual
040 _aFEDL
_beng
_cFEDL
041 _aeng
_2eng
084 _a537, DEL
_qFEDL
245 0 _aRelated information: Electricity 1
260 _aNew York, USA
_bDelmar Publishers
300 _a146p.
942 _cTEXL
_h537, DEL
999 _c1371251
_d1371251